Normal view MARC view

Entry Topical Term

Number of records used in: 1

001 - CONTROL NUMBER

  • control field: 40993

003 - CONTROL NUMBER IDENTIFIER

  • control field: OSt

005 - DATE AND TIME OF LATEST TRANSACTION

  • control field: 20231013110216.0

008 - FIXED-LENGTH DATA ELEMENTS

  • fixed length control field: 231013|| aca||aabn | a|a d

040 ## - CATALOGING SOURCE

  • Original cataloging agency: OSt
  • Transcribing agency: OSt

150 ## - HEADING--TOPICAL TERM

  • Topical term or geographic name entry element: Strategic environmental assessment, Environmental impact assessment, PPP (Programmes, Polices, and plans), Sustainable development.

670 ## - SOURCE DATA FOUND

  • Source citation: Work cat.: (OSt): Lata, Kusum and Bhatt, Saurabh 40992, Towards sustainable policies: Harnessing the potential of strategic environmental assessment

Powered by Koha